Hernando Colón y la Biblioteca Colombina (Record no. 182417)
[ view plain ]
| 000 -LEADER | |
|---|---|
| campo de control de longitud fija | 00836nam a2200241 i 4500 |
| 001 - NÚMERO DE CONTROL | |
| campo de control | 182417 |
| 003 - IDENTIFICADOR DE NÚMERO DE CONTROL | |
| campo de control | ES-MaACL |
| 005 - FECHA Y HORA DE LA ÚLTIMA TRANSACCIÓN | |
| campo de control | 20250731063048.0 |
| 008 - DATOS DE LONGITUD FIJA--INFORMACIÓN GENERAL | |
| campo de control de longitud fija | 130809s1992 sp | |||| ||spa d |
| 080 ## - NÚMERO DE LA CLASIFICACIÓN DECIMAL UNIVERSAL | |
| Número de la Clasificación Decimal Universal | 929 Colón, Fernando |
| 080 ## - NÚMERO DE LA CLASIFICACIÓN DECIMAL UNIVERSAL | |
| Número de la Clasificación Decimal Universal | 027(460.353 S.) |
| 245 00 - MENCIÓN DEL TÍTULO | |
| Título | Hernando Colón y la Biblioteca Colombina |
| 260 ## - PUBLICACIÓN, DISTRIBUCIÓN, ETC. | |
| Lugar de publicación, distribución, etc. | Madrid : |
| Nombre del editor, distribuidor, etc. | Fundación Mapfre América ; |
| Lugar de publicación, distribución, etc. | [Sevilla] : |
| Nombre del editor, distribuidor, etc. | Cabildo de la Catedral de Sevilla, |
| Fecha de publicación, distribución, etc. | 1992 |
| 300 ## - DESCRIPCIÓN FÍSICA | |
| Extensión | [20] páginas ; |
| Dimensiones | 31 cm |
| 600 14 - PUNTO DE ACCESO ADICIONAL DE MATERIA--NOMBRE DE PERSONA | |
| Nombre de persona | Colón, Fernando, |
| Fechas asociadas al nombre | 1488-1539 |
| 9 (RLIN) | 39874 |
| 610 24 - PUNTO DE ACCESO ADICIONAL DE MATERIA--NOMBRE DE ENTIDAD CORPORATIVA | |
| Nombre de entidad corporativa o nombre de jurisdicción como elemento de entrada | Biblioteca Capitular y Colombina |
| 9 (RLIN) | 2167 |
| 710 2# - ENTRADA AGREGADA--NOMBRE DE ENTIDAD CORPORATIVA | |
| Nombre de entidad corporativa o nombre de jurisdicción como elemento de entrada | Fundación MAPFRE América |
| Término indicativo de función/relación | Editor |
| 9 (RLIN) | 4363 |
| 710 2# - ENTRADA AGREGADA--NOMBRE DE ENTIDAD CORPORATIVA | |
| Nombre de entidad corporativa o nombre de jurisdicción como elemento de entrada | Catedral de Sevilla. |
| Unidad subordinada | Cabildo |
| Término indicativo de función/relación | Editor |
| 9 (RLIN) | 153226 |
| 852 ## - LOCALIZACIÓN | |
| Ubicación | ES-MaACL |
| Número de control de estantería | 2323-F-30 |
| Ubicación en estantería | Depósito folletos |
| 942 ## - ELEMENTOS DE ENTRADA SECUNDARIOS (KOHA) | |
| Fuente del sistema de clasificación o colocación | Clasificación decimal universal |
| Tipo de ítem Koha | Folleto |
| Suprimir en OPAC | No |
| Estatus retirado | Estado de pérdida | Fuente del sistema de clasificación o colocación | Estado de daño | No para préstamo | Colección | Biblioteca de origen | Biblioteca actual | Ubicación en estantería | Fecha de adquisición | Total de préstamos | Signatura topográfica completa | Código de barras | Visto por última vez | Tipo de ítem Koha |
|---|---|---|---|---|---|---|---|---|---|---|---|---|---|---|
| Clasificación decimal universal | Colección de folletos | Biblioteca del Ateneo de Madrid | Biblioteca del Ateneo de Madrid | Depósito folletos | 09/08/2013 | 2323-F-30 | 1191696 | 23/02/2023 | Folleto |
